[Event "Politiken Cup"]
[Site "Copenhagen"]
[Date "2006.07.22"]
[Round "1.71"]
[White "Kafka, Graeme"]
[Black "Karstensen, Christian"]
[Result "1-0"]
[WhiteElo "2134"]
[BlackElo "1741"]
[PlyCount "71"]
[EventDate "2006.??.??"]

1. e4 c5 2. Nc3 d6 3. Nf3 g6 4. d4 cxd4 5. Qxd4 e5 6. Nxe5 Bg7 7. Qa4+ Bd7 8.
Nxd7 Qxd7 9. Qxd7+ Nxd7 10. Nb5 Ke7 11. Bg5+ f6 12. Bf4 Ne5 13. O-O-O Rd8 14.
Be3 Bh6 15. Bxh6 Nxh6 16. h3 a6 17. f4 Nc6 18. Nd4 Nxd4 19. Rxd4 f5 20. Bc4
fxe4 21. Rxe4+ Kd7 22. Bd5 b5 23. Rhe1 Kc7 24. a4 Rhf8 25. axb5 axb5 26. Kd2
Nf5 27. g4 Nh4 28. Ra1 Kb6 29. b4 Rde8 30. Rxe8 Rxe8 31. Ra8 Rxa8 32. Bxa8 Kc7
33. Ke3 Kd7 34. Kd4 h5 35. Bd5 hxg4 36. hxg4 1-0

[Event "Politiken Cup"]
[Site "Copenhagen"]
[Date "2006.07.22"]
[Round "1.73"]
[White "Roder, Peter"]
[Black "Bjornes, Leif"]
[Result "1-0"]
[WhiteElo "2131"]
[BlackElo "1710"]
[PlyCount "49"]
[EventDate "2006.??.??"]

1. d4 d5 2. c4 e6 3. Nc3 Nf6 4. Bg5 Be7 5. e3 O-O 6. Bd3 dxc4 7. Bxc4 Nbd7 8.
Nf3 c5 9. O-O b6 10. Qb3 Bb7 11. Rad1 cxd4 12. exd4 Bxf3 13. gxf3 Nh5 14. Be3
Bg5 15. Ne4 Bf4 16. Ng3 Ndf6 17. d5 e5 18. Rfe1 Qd7 19. Kg2 Bh6 20. Bxh6 gxh6
21. Rxe5 Nf4+ 22. Kh1 Qh3 23. Rg1 Rae8 24. Rf5 Qh4 25. Rxf4 1-0

[Event "Politiken Cup"]
[Site "Copenhagen"]
[Date "2006.07.22"]
[Round "1.74"]
[White "Sørensen, Jens"]
[Black "Gretarsson, Hjorvar Stein"]
[Result "0-1"]
[WhiteElo "1681"]
[BlackElo "2130"]
[PlyCount "90"]
[EventDate "2006.??.??"]

1. d4 d5 2. c4 c6 3. Nc3 Nf6 4. Bg5 dxc4 5. a4 e6 6. e4 h6 7. Bh4 Bb4 8. Bxf6
Qxf6 9. Bxc4 c5 10. e5 Qg6 11. Nf3 cxd4 12. Bb5+ Bd7 13. Bxd7+ Nxd7 14. Qxd4
Bc5 15. Qe4 Qxe4+ 16. Nxe4 Bb4+ 17. Ke2 Ke7 18. Rhd1 Rac8 19. Rac1 Nb6 20. b3
Nd5 21. Nfd2 Nf4+ 22. Kf3 Nd3 23. Rxc8 Nxe5+ 24. Ke2 Rxc8 25. f4 Ng6 26. g3 f5
27. Nf2 Bxd2 28. Rxd2 Rc3 29. Rd3 Rxd3 30. Kxd3 Kd6 31. Kd4 e5+ 32. fxe5+ Nxe5
33. h4 g6 34. b4 b6 35. b5 Ke6 36. Nh3 Kd6 37. Nf2 Nd7 38. Nd3 g5 39. hxg5 hxg5
40. Nb4 Nc5 41. Nc6 a5 42. Nd8 Ne6+ 43. Nxe6 Kxe6 44. Kc4 Ke5 45. Kd3 f4 0-1

[Event "Politiken Cup"]
[Site "Copenhagen"]
[Date "2006.07.22"]
[Round "1.75"]
[White "Lilja, Richard"]
[Black "Christensen, Jim L"]
[Result "1/2-1/2"]
[WhiteElo "2129"]
[BlackElo "1672"]
[PlyCount "58"]
[EventDate "2006.??.??"]

1. e4 e5 2. Nf3 Nc6 3. Nc3 d6 4. Bc4 Be7 5. O-O Nf6 6. d4 Bg4 7. dxe5 Nxe5 8.
Bb5+ c6 9. Be2 Nxf3+ 10. Bxf3 Bxf3 11. Qxf3 O-O 12. Bf4 Qb6 13. b3 Rad8 14.
Rad1 Rfe8 15. Rd3 Rd7 16. Rfd1 Red8 17. Bg3 g6 18. Bh4 Kg7 19. e5 Ne8 20. Bxe7
Rxe7 21. exd6 Rxd6 22. Rxd6 Nxd6 23. Qd3 Qc5 24. h3 Nf5 25. a4 Qe5 26. Nb1 h5
27. Qc3 Kf6 28. Kf1 Re6 29. Rd2 Re7 1/2-1/2

[Event "Politiken Cup"]
[Site "Copenhagen"]
[Date "2006.07.22"]
[Round "1.76"]
[White "Bjarnasson, Larus H"]
[Black "Penalver, Osmani"]
[Result "0-1"]
[WhiteElo "1670"]
[BlackElo "2126"]
[PlyCount "80"]
[EventDate "2006.??.??"]

1. d4 Nf6 2. c4 e6 3. Nc3 Bb4 4. a3 Bxc3+ 5. bxc3 c5 6. f3 Nc6 7. e4 d6 8. Be3
b6 9. Bd3 e5 10. Ne2 O-O 11. g4 Ba6 12. Ng3 Na5 13. Qe2 Qd7 14. a4 Rac8 15. d5
Rc7 16. h4 Rb8 17. O-O h5 18. Bg5 Nh7 19. Nxh5 Nxg5 20. hxg5 Qe7 21. Kf2 Qxg5
22. Rh1 g6 23. Rag1 Kf8 24. Ng3 Ke7 25. Rh7 Rg8 26. Rgh1 Nb3 27. Nf1 Qc1 28.
Ne3 Qxc3 29. Qc2 Qxc2+ 30. Bxc2 Nd4 31. Bd3 Kf6 32. Kg3 Bc8 33. f4 exf4+ 34.
Kxf4 Bd7 35. g5+ Ke7 36. Ra1 Rcc8 37. a5 Nb3 38. Rah1 Nxa5 39. e5 dxe5+ 40.
Kxe5 Rce8 0-1

[Event "Politiken Cup"]
[Site "Copenhagen"]
[Date "2006.07.22"]
[Round "1.77"]
[White "Holst, Conny"]
[Black "Hyldkrog, Mikkel"]
[Result "1-0"]
[WhiteElo "2124"]
[BlackElo "1660"]
[PlyCount "75"]
[EventDate "2006.??.??"]

1. d4 e6 2. c4 Nf6 3. Nc3 d5 4. Bg5 Nbd7 5. e3 c6 6. Nf3 Bb4 7. Qc2 Qa5 8. Nd2
O-O 9. Bf4 Nh5 10. Be5 f6 11. Bg3 Nxg3 12. hxg3 g6 13. Bd3 Kg7 14. cxd5 cxd5
15. Nb5 Rb8 16. a3 a6 17. Nc3 b5 18. Ke2 Bd6 19. b4 Qc7 20. Nb3 Nb6 21. Nc5
Bxc5 22. dxc5 Nc4 23. Rh4 Bb7 24. Rah1 Rh8 25. Qc1 e5 26. e4 dxe4 27. Qh6+ Kg8
28. Bxc4+ bxc4 29. Qxg6+ Qg7 30. Qf5 Qf7 31. Nxe4 Bxe4 32. Qxe4 c3 33. Qc4 Rd8
34. Qxf7+ Kxf7 35. Rc4 Rd2+ 36. Ke3 Rhd8 37. Rxc3 f5 38. c6 1-0

[Event "Politiken Cup"]
[Site "Copenhagen"]
[Date "2006.07.22"]
[Round "1.78"]
[White "Ulvnes, Roar"]
[Black "Olsen, Aage"]
[Result "0-1"]
[WhiteElo "1659"]
[BlackElo "2121"]
[PlyCount "60"]
[EventDate "2006.??.??"]

1. e4 c5 2. Nf3 d6 3. d4 cxd4 4. Nxd4 Nf6 5. Nc3 g6 6. Be3 Bg7 7. f3 Bd7 8. Qd2
Nc6 9. O-O-O Rc8 10. Kb1 a6 11. Nxc6 Bxc6 12. Bh6 Bxh6 13. Qxh6 Qc7 14. Bc4 e6
15. Qg7 Ke7 16. Rhe1 Rcg8 17. Qh6 g5 18. Bb3 Rg6 19. Qh3 Bd7 20. g4 b5 21. Qg3
b4 22. Nd5+ exd5 23. e5 dxe5 24. Rxe5+ Kf8 25. Bxd5 Nxd5 26. Rdxd5 Be6 27. Rd4
Qb6 28. Ree4 a5 29. Qe5 Rgg8 30. Qf6 Bxa2+ 0-1

[Event "Politiken Cup"]
[Site "Copenhagen"]
[Date "2006.07.22"]
[Round "1.79"]
[White "Nielsen, Borge Hjerrild"]
[Black "Zyde, Fadmal"]
[Result "1-0"]
[WhiteElo "2119"]
[BlackElo "1652"]
[PlyCount "23"]
[EventDate "2006.??.??"]

1. d4 d5 2. c4 e6 3. Nc3 Bb4 4. cxd5 Qxd5 5. e3 Bxc3+ 6. bxc3 Nf6 7. Nf3 Nbd7
8. c4 Qc6 9. Ba3 b6 10. Be2 Bb7 11. d5 exd5 12. Nd4 1-0

[Event "Politiken Cup"]
[Site "Copenhagen"]
[Date "2006.07.22"]
[Round "1.80"]
[White "Christensen, Sofus Rønne"]
[Black "Kaaber, Jacob"]
[Result "0-1"]
[WhiteElo "1652"]
[BlackElo "2117"]
[PlyCount "44"]
[EventDate "2006.??.??"]

1. e4 c5 2. Nf3 d6 3. d4 cxd4 4. Nxd4 Nf6 5. Nc3 a6 6. f3 e6 7. Be3 b5 8. g4 h6
9. Qd2 b4 10. Nce2 d5 11. exd5 Nxd5 12. O-O-O Nxe3 13. Qxe3 Qc7 14. Ng3 Be7 15.
Bd3 Bg5 16. Qxg5 hxg5 17. Ndf5 exf5 18. Rhe1+ Kf8 19. Bxf5 Bxf5 20. Nxf5 Rxh2
21. Kb1 Qxc2+ 22. Ka1 Qxb2# 0-1

[Event "Politiken Cup"]
[Site "Copenhagen"]
[Date "2006.07.22"]
[Round "1.81"]
[White "Soraas, Torben"]
[Black "Eiholt, Bjarne"]
[Result "1-0"]
[WhiteElo "2115"]
[BlackElo "1650"]
[PlyCount "65"]
[EventDate "2006.??.??"]

1. e4 c6 2. d4 d5 3. exd5 cxd5 4. Bd3 Nc6 5. c3 Nf6 6. h3 e6 7. Nf3 Be7 8. O-O
O-O 9. Re1 a6 10. a4 Bd7 11. Qe2 Re8 12. Bf4 Qb6 13. Qc2 Rac8 14. Nbd2 Qd8 15.
Qd1 Na5 16. Ne5 Nc6 17. Qe2 Nxe5 18. dxe5 Ne4 19. Nxe4 dxe4 20. Qxe4 g6 21.
Qxb7 Rb8 22. Qxa6 Rxb2 23. Be3 Qc7 24. Bd4 Bg5 25. Reb1 Reb8 26. Bb5 Bxb5 27.
axb5 Rxb1+ 28. Rxb1 Qc4 29. Qa5 Qd3 30. Qb4 Be7 31. Qb3 Ra8 32. b6 Ra3 33. Qb5
1-0

[Event "Politiken Cup"]
[Site "Copenhagen"]
[Date "2006.07.22"]
[Round "1.82"]
[White "Nielsen, Martin Skovsø"]
[Black "Henrichsen, Jens"]
[Result "1/2-1/2"]
[WhiteElo "1650"]
[BlackElo "2106"]
[PlyCount "76"]
[EventDate "2006.??.??"]

1. e4 c5 2. d4 cxd4 3. c3 d5 4. Qxd4 Nf6 5. e5 Nc6 6. Bb5 Nd7 7. Qxd5 e6 8. Qe4
Qb6 9. Bxc6 bxc6 10. Ne2 Nc5 11. Qf3 Ba6 12. O-O Rd8 13. b4 Nd3 14. Be3 Nxe5
15. Qe4 Qc7 16. Bd4 Bd6 17. Bxe5 Bxe5 18. h3 O-O 19. a4 Bd3 20. Qf3 f5 21. Ra2
Be4 22. Qh5 g6 23. Qg5 Bf6 24. Qg3 Qxg3 25. Nxg3 Bd3 26. Re1 Bxb1 27. Rxb1 Bxc3
28. Rc2 Rd3 29. Ne2 Be5 30. Rxc6 Rfd8 31. f4 Bd6 32. a5 Rd2 33. Kf1 Rb8 34. b5
Kf7 35. a6 Ke7 36. Ke1 Ra2 37. Kd1 Rd8 38. Ke1 Rb8 1/2-1/2

[Event "Politiken Cup"]
[Site "Copenhagen"]
[Date "2006.07.22"]
[Round "1.83"]
[White "Holstein, Erik"]
[Black "Rasmussen, Bent"]
[Result "1-0"]
[WhiteElo "2105"]
[BlackElo "1646"]
[PlyCount "67"]
[EventDate "2006.??.??"]

1. f4 d5 2. Nf3 Nf6 3. g3 g6 4. Bg2 Bg7 5. O-O O-O 6. d3 c6 7. h3 Qb6+ 8. Kh2
Nbd7 9. Nc3 Re8 10. e4 dxe4 11. dxe4 Nf8 12. g4 Rd8 13. Qe1 Qc7 14. Kh1 b6 15.
Qh4 Ba6 16. Rg1 Bb7 17. Bd2 Ne6 18. e5 Nd5 19. Nxd5 cxd5 20. f5 Nf8 21. f6 exf6
22. exf6 Bh8 23. c3 Qd6 24. g5 Ne6 25. Nd4 Re8 26. Rae1 Nxd4 27. Qxd4 Qc5 28.
Re5 Qxd4 29. cxd4 Rxe5 30. dxe5 Kf8 31. Rc1 Re8 32. Rc7 Bc8 33. Bxd5 Be6 34.
Bxe6 1-0

[Event "Politiken Cup"]
[Site "Copenhagen"]
[Date "2006.07.22"]
[Round "1.84"]
[White "Fjellingen, Bård"]
[Black "Jaeger, Frode Bull"]
[Result "1/2-1/2"]
[WhiteElo "1879"]
[BlackElo "2104"]
[PlyCount "80"]
[EventDate "2006.??.??"]

1. d4 Nf6 2. c4 g6 3. Nc3 d5 4. e3 Bg7 5. Nf3 O-O 6. Be2 c5 7. dxc5 dxc4 8. O-O
Qa5 9. Bxc4 Qxc5 10. Qe2 Nc6 11. e4 Bg4 12. Be3 Qh5 13. h3 Bxf3 14. Qxf3 Qxf3
15. gxf3 Nh5 16. Rac1 Be5 17. Ne2 Bxb2 18. Rb1 Ba3 19. Bd5 e6 20. Bxc6 bxc6 21.
Rb3 Bd6 22. Rc1 Rfc8 23. Rbc3 c5 24. Bxc5 Bxc5 25. Rxc5 Rxc5 26. Rxc5 Rb8 27.
Ra5 Rb2 28. Kf1 Rb1+ 29. Kg2 Re1 30. Nd4 Kg7 31. Nc2 Rb1 32. Nd4 Kf6 33. e5+
Kg5 34. Ne2 Rb7 35. Ra4 Kf5 36. f4 Rd7 37. Ng3+ Nxg3 38. fxg3 h5 39. Kf3 Rd3+
40. Kf2 Rd7 1/2-1/2

[Event "Politiken Cup"]
[Site "Copenhagen"]
[Date "2006.07.22"]
[Round "1.85"]
[White "Christensen, Janus"]
[Black "Goetzee, Rick"]
[Result "1-0"]
[WhiteElo "2100"]
[BlackElo "1641"]
[PlyCount "99"]
[EventDate "2006.??.??"]

1. e4 c5 2. c3 d5 3. exd5 Qxd5 4. d4 Nf6 5. Be3 cxd4 6. cxd4 e6 7. Nf3 Nc6 8.
Be2 Bb4+ 9. Nc3 O-O 10. O-O Qa5 11. Qb3 Nd5 12. Bd2 a6 13. a3 Be7 14. Nxd5 Qxd5
15. Qe3 Bf6 16. Bc3 b5 17. Ne5 Bb7 18. Bf3 Qd6 19. Nxc6 Bxc6 20. Bb4 Qd7 21.
Bxc6 Qxc6 22. Bxf8 Kxf8 23. Rac1 Qd6 24. Qe4 Rd8 25. Qxh7 Qxd4 26. Rc7 Rd7 27.
Rc8+ Ke7 28. Qh8 Kd6 29. Qh5 Ke7 30. b4 Be5 31. Qg5+ Bf6 32. Qc1 Be5 33. g3 Qd5
34. Qc6 Qd6 35. Re1 Bb2 36. Re3 Bd4 37. Rf3 Bb2 38. Qxd6+ Rxd6 39. Rc7+ Rd7 40.
Rxf7+ Kxf7 41. Rxd7+ Kf6 42. Rd3 Ke5 43. f3 Bd4+ 44. Kf1 Kd5 45. h4 Kc4 46. Ke2
Bc3 47. h5 Be5 48. f4 Bd4 49. g4 Bb2 50. g5 1-0

[Event "Politiken Cup"]
[Site "Copenhagen"]
[Date "2006.07.22"]
[Round "1.86"]
[White "Christensen, Svend Ib"]
[Black "Madland, Kristoffer"]
[Result "1/2-1/2"]
[WhiteElo "1636"]
[BlackElo "2100"]
[PlyCount "123"]
[EventDate "2006.??.??"]

1. d4 Nf6 2. Nf3 g6 3. Bg5 Bg7 4. e3 O-O 5. Nbd2 d6 6. Be2 Qe8 7. O-O e5 8.
dxe5 dxe5 9. c3 h6 10. Bxf6 Bxf6 11. Ne4 Bg7 12. Qb3 b6 13. Rfd1 Bb7 14. Ng3
Nd7 15. Ne1 Nc5 16. Qc2 f5 17. Bc4+ Kh7 18. f3 Qe7 19. Rd2 Qg5 20. Nf1 e4 21.
f4 Qf6 22. Rad1 Rad8 23. Ng3 Rd6 24. Rxd6 cxd6 25. Ne2 Rd8 26. Nd4 g5 27. Qf2
gxf4 28. Qxf4 Bc8 29. Nb5 Qe7 30. Rxd6 a6 31. Rxd8 Qxd8 32. Nd4 Na4 33. Be6
Bxe6 34. Nxe6 Qf6 35. Nxg7 Kxg7 36. Nc2 Nxb2 37. Nd4 Kg6 38. Qg3+ Qg5 39. Qd6+
Kh5 40. Nc2 Qg4 41. Qd2 Qd1+ 42. Qxd1+ Nxd1 43. c4 Kg5 44. Kf1 Nb2 45. Na3 Kf6
46. Ke2 Ke5 47. g3 Kd6 48. Kd2 Kc5 49. Kc3 Nd1+ 50. Kd2 Nf2 51. Kc3 Ng4 52. Nc2
Kd6 53. h3 Nf2 54. Nd4 Ke5 55. h4 Nd1+ 56. Kd2 Nb2 57. Kc3 Na4+ 58. Kb4 Nc5 59.
Kc3 Nb7 60. Nc6+ Kd6 61. Nd4 Ke5 62. Nc6+ 1/2-1/2

[Event "Politiken Cup"]
[Site "Copenhagen"]
[Date "2006.07.22"]
[Round "1.87"]
[White "Hyldkrog, Lars"]
[Black "Jacobsen, Per"]
[Result "1-0"]
[WhiteElo "2074"]
[BlackElo "1508"]
[PlyCount "74"]
[EventDate "2006.??.??"]

1. e4 Nf6 2. e5 Nd5 3. d4 d6 4. f4 dxe5 5. fxe5 e6 6. c4 Nb6 7. Nf3 c5 8. Be3
cxd4 9. Nxd4 Nc6 10. Nxc6 Qxd1+ 11. Kxd1 bxc6 12. Nd2 Be7 13. g3 O-O 14. Bg2
Bb7 15. Kc2 Rad8 16. b3 Nd7 17. Bd4 Bb4 18. Rad1 c5 19. Bxb7 cxd4 20. Rhe1 Nc5
21. Bg2 f6 22. exf6 Rxf6 23. Rf1 Rdf8 24. Rxf6 Rxf6 25. Rf1 Rxf1 26. Bxf1 Bxd2
27. Kxd2 a5 28. Kc2 e5 29. a3 e4 30. b4 axb4 31. axb4 d3+ 32. Kd2 Nd7 33. Bg2
Nf6 34. b5 Kf7 35. b6 Nd7 36. b7 Nb8 37. Bxe4 Ke7 1-0

[Event "Politiken Cup"]
[Site "Copenhagen"]
[Date "2006.07.22"]
[Round "1.88"]
[White "Nielsen, Frode B"]
[Black "Holmen, Per Inge"]
[Result "1/2-1/2"]
[WhiteElo "2098"]
[BlackElo "1620"]
[PlyCount "66"]
[EventDate "2006.??.??"]

1. e4 d5 2. Nc3 d4 3. Nce2 c5 4. Ng3 Nc6 5. Nf3 e5 6. Bc4 Be7 7. d3 Nf6 8. Bd2
O-O 9. a3 a6 10. b4 b5 11. Ba2 cxb4 12. axb4 Nxb4 13. O-O Nxa2 14. Rxa2 Qc7 15.
Ba5 Qc5 16. Qd2 Be6 17. Rb2 Rfc8 18. Bb4 Qc7 19. Bxe7 Qxe7 20. Nxe5 Qa3 21. Rb4
Rxc2 22. Qxc2 Qxb4 23. Qc6 Rc8 24. Qxa6 Qc5 25. f4 Rc7 26. h3 Bc8 27. Qa2 Be6
28. Qb2 b4 29. Ne2 Nxe4 30. Qxd4 Nc3 31. Qxc5 Nxe2+ 32. Kf2 Rxc5 33. Kxe2 Rc2+
1/2-1/2

[Event "Politiken Cup"]
[Site "Copenhagen"]
[Date "2006.07.22"]
[Round "1.90"]
[White "Rutherford, Elaine"]
[Black "Harestad.Ove Henning"]
[Result "1-0"]
[WhiteElo "2093"]
[BlackElo "1590"]
[PlyCount "43"]
[EventDate "2006.??.??"]

1. e4 c5 2. Nc3 d6 3. f4 Nf6 4. Nf3 e6 5. Bc4 a6 6. a4 Be7 7. d3 Nc6 8. O-O O-O
9. Bd2 Qc7 10. Kh1 b6 11. Rc1 Rd8 12. Bb3 Bb7 13. Qe1 Bf8 14. f5 exf5 15. Ng5
Ne5 16. Rxf5 h6 17. Rxe5 dxe5 18. Nxf7 Kh7 19. Qf2 Qe7 20. Nxd8 Rxd8 21. Rf1
Bc8 22. Qh4 1-0

[Event "Politiken Cup"]
[Site "Copenhagen"]
[Date "2006.07.22"]
[Round "1.91"]
[White "Harders, Poul Erik"]
[Black "Fogh, Jens Olaf Svanholm"]
[Result "0-1"]
[WhiteElo "1585"]
[BlackElo "2093"]
[PlyCount "102"]
[EventDate "2006.??.??"]

1. d4 Nf6 2. c4 e6 3. Nc3 Bb4 4. Qc2 c5 5. dxc5 Qa5 6. Bd2 Qxc5 7. e3 d5 8. a3
Bxc3 9. Bxc3 Nbd7 10. b4 Qc7 11. c5 O-O 12. Nf3 b6 13. cxb6 axb6 14. Bd3 Ba6
15. Bxa6 Rxa6 16. Qb2 Rfa8 17. O-O Qa7 18. Rfc1 h6 19. Ne5 Nxe5 20. Bxe5 Rxa3
21. Rxa3 Qxa3 22. Rc8+ Kh7 23. Qc2+ Ne4 24. Rxa8 Qxa8 25. f3 Qa3 26. fxe4 Qxe3+
27. Kf1 dxe4 28. Qc3 Qg5 29. b5 f6 30. Bd4 Qxb5+ 31. Ke1 e5 32. Be3 Qb1+ 33.
Kf2 b5 34. Qc8 Qa2+ 35. Kg3 Qd5 36. Qf5+ Kg8 37. Qc8+ Kf7 38. Qc7+ Kg6 39. Qc8
b4 40. Qg4+ Kf7 41. Qh5+ Kf8 42. Qg4 b3 43. Qc8+ Kf7 44. h4 b2 45. h5 b1=Q 46.
Qc7+ Kg8 47. Qc8+ Kh7 48. Qf5+ Kh8 49. Bxh6 Qe1+ 50. Kh3 Qd3+ 51. Kh2 Qdg3# 0-1

[Event "Politiken Cup"]
[Site "Copenhagen"]
[Date "2006.07.22"]
[Round "1.92"]
[White "Laksman, Efraim"]
[Black "Marcussen, Johny A"]
[Result "1/2-1/2"]
[WhiteElo "2089"]
[BlackElo "1563"]
[PlyCount "77"]
[EventDate "2006.??.??"]

1. e4 e5 2. Nf3 Nc6 3. Bc4 Bc5 4. d3 h6 5. Be3 Bb6 6. O-O d6 7. Nbd2 Be6 8.
Bxe6 fxe6 9. Nc4 Bxe3 10. Nxe3 Nge7 11. Nh4 O-O 12. Qg4 Nd4 13. c3 Rf4 14. Qh3
Nec6 15. g3 Rxh4 16. Qg2 Rh5 17. cxd4 exd4 18. Nc2 Qf6 19. f4 Rb5 20. b3 Nb4
21. Nxb4 Rxb4 22. g4 e5 23. fxe5 Qxe5 24. Rf5 Qe6 25. Raf1 a5 26. g5 hxg5 27.
R1f3 Re8 28. Rxg5 Re7 29. Rg6 Qd7 30. Rgf6 Qd8 31. R6f5 c6 32. Qf1 Re8 33. a4
Rxb3 34. Rf7 Qg5+ 35. Rg3 Qh6 36. Rfxg7+ Qxg7 37. Qf6 Qxg3+ 38. hxg3 Rxd3 39.
Qg6+ 1/2-1/2

[Event "Politiken Cup"]
[Site "Copenhagen"]
[Date "2006.07.22"]
[Round "1.93"]
[White "Petersen, Nicolai Kvist Brond"]
[Black "Olsson, Tomas"]
[Result "0-1"]
[WhiteElo "1562"]
[BlackElo "2084"]
[PlyCount "50"]
[EventDate "2006.??.??"]

1. d4 Nf6 2. Nf3 g6 3. Bf4 Bg7 4. e3 d6 5. Bd3 O-O 6. O-O Nfd7 7. Nbd2 e5 8.
dxe5 dxe5 9. Bg3 Qe7 10. e4 Nc6 11. c3 a6 12. Qc2 Nc5 13. Bc4 Nd8 14. b4 Nd7
15. Bh4 Bf6 16. Bxf6 Qxf6 17. Rfd1 Nb6 18. Be2 Ne6 19. Nc4 Nxc4 20. Bxc4 Nf4
21. g3 Bg4 22. gxf4 Bxf3 23. Be2 Qxf4 24. Bxf3 Qxf3 25. Rd7 Qg4+ 0-1

[Event "Politiken Cup"]
[Site "Copenhagen"]
[Date "2006.07.22"]
[Round "1.94"]
[White "Lauritsen, Martin Lee"]
[Black "Ontiveros, John"]
[Result "1-0"]
[WhiteElo "2080"]
[BlackElo "1560"]
[PlyCount "31"]
[EventDate "2006.??.??"]

1. e4 e5 2. Nc3 Nf6 3. f4 Nc6 4. fxe5 Nxe5 5. d4 Ng6 6. e5 Qe7 7. Bg5 Nxe5 8.
Bxf6 Qxf6 9. dxe5 Qh4+ 10. g3 Qb4 11. Qd2 Qxb2 12. Rb1 Qa3 13. Rb3 Qc5 14. Nf3
d6 15. Ne4 Qc6 16. Bb5 1-0

[Event "Politiken Cup"]
[Site "Copenhagen"]
[Date "2006.07.22"]
[Round "1.95"]
[White "Christensen, Emilie Ellegaard"]
[Black "Thomassen, Thomas"]
[Result "0-1"]
[WhiteElo "1509"]
[BlackElo "2079"]
[PlyCount "102"]
[EventDate "2006.??.??"]

1. d4 d5 2. c4 c6 3. Nc3 Nf6 4. Nf3 e6 5. Bg5 h6 6. Bh4 dxc4 7. a4 Bb4 8. e3 b5
9. Nd2 Qb6 10. Bxf6 gxf6 11. Qf3 Bb7 12. Qxf6 Rh7 13. Be2 Nd7 14. Qh4 Be7 15.
Qg3 Nf6 16. a5 Qd8 17. a6 Bc8 18. Nde4 Kf8 19. Nxf6 Bxf6 20. Bf3 Bd7 21. Ne4
Be7 22. O-O Qb6 23. Rfd1 Rd8 24. Qe5 Bc8 25. Nf6 Rg7 26. Nh5 Rg8 27. Be4 f5 28.
Qf4 Rg5 29. Ng3 Kg7 30. Bc2 Bxa6 31. h4 Bd6 32. Qf3 Rg6 33. Nh5+ Kh8 34. e4 Rf8
35. exf5 exf5 36. Bxf5 Bc8 37. Nf4 Bxf5 38. Nxg6+ Bxg6 39. Qe3 Kh7 40. Qe6 Qc7
41. d5 Bf5 42. Qe3 Rf7 43. Ra6 Bf4 44. Qe8 cxd5 45. Rxd5 Re7 46. Qxe7+ Qxe7 47.
g3 Qe1+ 48. Kg2 Be4+ 49. Kh3 Qh1+ 50. Kg4 Qf3+ 51. Kh3 Bxd5 0-1

[Event "Politiken Cup"]
[Site "Copenhagen"]
[Date "2006.07.22"]
[Round "1.96"]
[White "Hansen, Johny"]
[Black "Rhee, Alexander"]
[Result "0-1"]
[WhiteElo "1494"]
[BlackElo "2072"]
[PlyCount "76"]
[EventDate "2006.??.??"]

1. e4 c5 2. Nf3 Nc6 3. Nc3 g6 4. d3 Bg7 5. Be3 Nd4 6. g3 b5 7. Bg2 b4 8. Nd5 e6
9. Bxd4 cxd4 10. Nf4 Bb7 11. e5 d6 12. exd6 Qxd6 13. O-O Ne7 14. Re1 O-O 15.
Ng5 Bxg2 16. Nxg2 h6 17. Ne4 Qc6 18. h4 Rac8 19. Rc1 Nd5 20. Qf3 Qa6 21. Nf4
Rc6 22. Kg2 Rfc8 23. Nxd5 exd5 24. Nd2 Qxa2 25. Re7 Rf6 26. Qe2 Qxb2 27. Re8+
Rxe8 28. Qxe8+ Kh7 29. Re1 Qxc2 30. Nf3 Qxd3 31. Ne5 Qd2 32. Ng4 Rf5 33. Re2
Qd3 34. Nh2 b3 35. g4 Rf4 36. Re7 Re4 37. Qxf7 Rxe7 38. Qxe7 Qe4+ 0-1

[Event "Politiken Cup"]
[Site "Copenhagen"]
[Date "2006.07.22"]
[Round "1.97"]
[White "Urkedal, Frode"]
[Black "Tudvad, Mads"]
[Result "1-0"]
[WhiteElo "2070"]
[BlackElo "1493"]
[PlyCount "109"]
[EventDate "2006.??.??"]

1. d4 Nf6 2. Bg5 Ne4 3. Bf4 e6 4. Nd2 Nxd2 5. Qxd2 d5 6. Nf3 c5 7. e3 Nc6 8. c3
b6 9. Bd3 Bb7 10. O-O Bd6 11. Bg3 Rc8 12. Ne5 Nxe5 13. dxe5 Be7 14. f4 g6 15.
Rad1 Qc7 16. Qf2 O-O 17. Bh4 f5 18. exf6 Bxf6 19. Bxf6 Rxf6 20. Qh4 Rcf8 21.
Qg5 Kg7 22. h4 d4 23. cxd4 cxd4 24. Rc1 Qd6 25. Rfd1 R8f7 26. h5 Qd5 27. Qxd5
Bxd5 28. hxg6 hxg6 29. e4 Bxa2 30. Rd2 a5 31. g3 Re7 32. e5 Rf8 33. Be4 Rd8 34.
Rc6 b5 35. b4 Bd5 36. Bxd5 Rxd5 37. bxa5 Kf7 38. a6 Ra7 39. Rb6 Rdd7 40. Kf2 b4
41. Ke2 Rd5 42. Ra2 g5 43. Rxb4 gxf4 44. gxf4 Kg6 45. Kd3 Kf5 46. Rxd4 Rxd4+
47. Kxd4 Kxf4 48. Ra5 Ra8 49. a7 Rd8+ 50. Kc5 Kxe5 51. a8=Q Rxa8 52. Rxa8 Kf4
53. Kd4 e5+ 54. Kd3 e4+ 55. Ke2 1-0

[Event "Politiken Cup"]
[Site "Copenhagen"]
[Date "2006.07.22"]
[Round "1.98"]
[White "Christensen, Simon Ellegaard"]
[Black "Marder, Simon"]
[Result "0-1"]
[WhiteElo "1480"]
[BlackElo "2069"]
[PlyCount "60"]
[EventDate "2006.??.??"]

1. d4 d6 2. Nf3 Bg4 3. Bf4 Nd7 4. e3 e5 5. Bg3 e4 6. h3 Bh5 7. Bh4 Bxf3 8. Bxd8
Bxd1 9. Bxc7 Bxc2 10. Nc3 a6 11. Bc4 Rc8 12. Bxf7+ Kxf7 13. Ba5 Bd3 14. Bb4
Ngf6 15. Rc1 Nd5 16. Ba3 N7b6 17. Kd2 Nxc3 18. bxc3 Nc4+ 19. Ke1 Nxa3 20. f3 d5
21. fxe4 dxe4 22. g3 Bd6 23. Rg1 h5 24. Rg2 Ke6 25. g4 Rhf8 26. Rg1 Nc4 27.
gxh5 Bg3+ 28. Kd1 Nxe3+ 29. Kd2 Rf2+ 30. Kxe3 Re2# 0-1

[Event "Politiken Cup"]
[Site "Copenhagen"]
[Date "2006.07.22"]
[Round "1.99"]
[White "Werner, Gert"]
[Black "Jørgensen, Morten"]
[Result "1/2-1/2"]
[WhiteElo "2069"]
[BlackElo "1473"]
[PlyCount "86"]
[EventDate "2006.??.??"]

1. Nf3 d5 2. g3 Nf6 3. Bg2 g6 4. O-O Bg7 5. d4 O-O 6. c4 e6 7. Nc3 Nbd7 8. Qb3
dxc4 9. Qxc4 Nb6 10. Qb3 Qe7 11. Bf4 c5 12. dxc5 Qxc5 13. Be3 Qa5 14. Rfd1 Bd7
15. Bxb6 Qxb6 16. Qxb6 axb6 17. Ne5 Bc8 18. Nc4 Nd7 19. a4 Bf6 20. Rdb1 Ra6 21.
Nd6 Nc5 22. Ra3 Bxc3 23. Rxc3 Bd7 24. Nxb7 Nxb7 25. Bxb7 Rxa4 26. Bc6 Bxc6 27.
Rxc6 Rb4 28. Kf1 Rd8 29. Ke1 Kf8 30. b3 Ke7 31. Rc7+ Rd7 32. Rc8 Rd8 33. Rc3
Rd6 34. Ra1 Rd8 35. Ra7+ Rd7 36. Ra8 Rbd4 37. e3 Rd1+ 38. Ke2 R7d2+ 39. Kf3 Rf1
40. Rc7+ Kf6 41. Raa7 Rfxf2+ 42. Ke4 Kg7 43. Rab7 Rc2 1/2-1/2

[Event "Politiken Cup"]
[Site "Copenhagen"]
[Date "2006.07.22"]
[Round "1.100"]
[White "Bøje, Tobias R"]
[Black "Skjoldager, Flemming"]
[Result "1/2-1/2"]
[WhiteElo "1469"]
[BlackElo "2067"]
[PlyCount "65"]
[EventDate "2006.??.??"]

1. e4 c5 2. Nc3 e6 3. g3 Nc6 4. Bg2 g6 5. d3 Bg7 6. Be3 d6 7. Qd2 Rb8 8. Nge2
Nge7 9. O-O b5 10. Bh6 O-O 11. Bxg7 Kxg7 12. f4 b4 13. Nd1 f5 14. Ne3 Bb7 15.
h3 a5 16. g4 Nd4 17. c3 Nxe2+ 18. Qxe2 Kh8 19. g5 Nc6 20. h4 Rf7 21. h5 Qf8 22.
Qf2 Qg7 23. h6 Qf8 24. Rae1 fxe4 25. dxe4 Ba6 26. c4 Nd4 27. b3 a4 28. Nc2 Nxc2
29. Qxc2 Rxf4 30. Qd2 Rxf1+ 31. Rxf1 Qe7 32. Qf4 Kg8 33. Bh3 1/2-1/2

[Event "Politiken Cup"]
[Site "Copenhagen"]
[Date "2006.07.22"]
[Round "1.102"]
[White "Almasy, Alexander Christian"]
[Black "Forsaa, Espen"]
[Result "0-1"]
[WhiteElo "1426"]
[BlackElo "2065"]
[PlyCount "36"]
[EventDate "2006.??.??"]

1. e4 c5 2. Nf3 d6 3. d4 cxd4 4. Nxd4 Nf6 5. Nc3 a6 6. Be3 e5 7. Nb3 Be6 8. f3
Be7 9. Qd2 O-O 10. h4 d5 11. exd5 Nxd5 12. Bf2 Nxc3 13. Qxc3 Nc6 14. a3 Rc8 15.
Rd1 Nd4 16. Nxd4 Rxc3 17. Nxe6 Qa5 18. b4 Bxb4 0-1

[Event "Politiken Cup"]
[Site "Copenhagen"]
[Date "2006.07.22"]
[Round "1.103"]
[White "Schmied, Andreas"]
[Black "Ovesen, Karsten"]
[Result "1-0"]
[WhiteElo "2062"]
[BlackElo "1407"]
[PlyCount "71"]
[EventDate "2006.??.??"]

1. d4 Nf6 2. c4 c6 3. Nc3 d5 4. Nf3 Bf5 5. cxd5 cxd5 6. Qb3 e6 7. Qxb7 Nbd7 8.
e3 Bd6 9. Be2 O-O 10. O-O Bc7 11. Qb3 Rc8 12. Nh4 Be4 13. Nxe4 Nxe4 14. Nf3
Ndf6 15. Qd3 Bb8 16. Bd2 Nxd2 17. Nxd2 Qd6 18. g3 Rc6 19. Rfc1 Rfc8 20. Nb3 Ne4
21. Bf3 Nf6 22. Rxc6 Rxc6 23. Rc1 Rxc1+ 24. Nxc1 Qb4 25. Qc3 Qb7 26. Nd3 Nd7
27. Bd1 Qc7 28. Qb4 h6 29. Qe7 Nf6 30. Qb4 Nd7 31. Ba4 Nb6 32. Bb3 Nd7 33. Qb5
Nf6 34. Kg2 Qb6 35. Qa4 Ne4 36. Qe8+ 1-0